|
|
|
|
| LEADER |
00000nam a2200000 a 4500 |
| 001 |
vtls001464420 |
| 003 |
SK-MaSNL |
| 005 |
20260301121702.0 |
| 008 |
240509s2002 xo gr 0 slo |
| 015 |
|
|
|a SNBA2003/12-04960
|
| 020 |
|
|
|a 8088914957
|
| 035 |
|
|
|a SNK000419725
|
| 035 |
|
|
|a urn:nbn:sk:snk-amybbb
|
| 035 |
|
|
|a urn:nbn:sk:snk-am00c8pk
|
| 035 |
|
|
|a 796E7176-5483-45E5-977A-3BE5088DA2C3
|
| 040 |
|
|
|a SNK
|b slo
|c SNK
|e AACR2
|
| 041 |
0 |
|
|a slo
|
| 044 |
|
|
|a xo
|c SK
|
| 072 |
|
7 |
|a 519
|2 konspekt
|
| 080 |
|
|
|a 519.673(075.8)
|2 2. slo
|
| 080 |
|
|
|a 004.94
|2 2. slo
|
| 080 |
|
|
|a 519.673
|2 1981
|
| 080 |
|
|
|a 004.94
|2 1981
|
| 080 |
|
|
|a 621.37/.39
|2 1981
|
| 080 |
|
|
|a (075.8)
|2 1981
|
| 100 |
1 |
|
|a Štefula, Ján
|4 aut
|9 394469
|
| 245 |
1 |
0 |
|a Príklady matematických a počítačových modelov mechatronických systémov
|c Ján Štefula
|
| 250 |
|
|
|a [1. vyd.]
|
| 260 |
|
|
|a V Trenčíne
|b Trenčianska univerzita Alexandra Dubčeka
|c [2002]
|
| 300 |
|
|
|a 40 s.
|b sch.
|c 30 cm
|
| 500 |
|
|
|a 150 výt.
|
| 504 |
|
|
|a Bibliogr. s. 38
|
| 650 |
0 |
7 |
|a počítačové modelovanie
|2 SNKPH
|9 68153
|
| 650 |
0 |
7 |
|a matematické modelovanie
|2 SNKPH
|9 4279
|
| 650 |
0 |
7 |
|a mechatronické systémy
|2 SNKPH
|9 68524
|
| 655 |
|
7 |
|a Textbooks (higher)
|2 SNKPHeng
|9 276436
|
| 655 |
|
7 |
|a učebnice vysokých škôl
|2 SNKPH
|9 70191
|
| 752 |
|
|
|d Trenčín 650
|
| 919 |
|
|
|a 80-88914-95-7
|
| 958 |
0 |
7 |
|a NB
|
| 968 |
|
|
|d 51
|
| 999 |
|
|
|c 730285
|d 732215
|
| 952 |
|
|
|t P60, <03>, [BOOK], {603}
|a SNK
|b SNK
|y PREZ
|7 0
|p 17A0405280
|o snkSB 67678
|i snkKSP 15328/2003
|0 0
|1 0
|4 0
|d 2003-12-03
|f 1
|l 0
|r 2025-04-16 00:00:00
|w 2026-02-23
|
| 952 |
|
|
|t P60, <04>, [BOOK], {604}
|a SNK
|b SNK
|y VYP
|7 0
|p 17A0405272
|o snkSB 67678 D1
|i snkKSP 15329/2003
|0 0
|1 0
|4 0
|d 2003-12-03
|l 0
|r 2005-01-02 00:00:00
|w 2026-02-23
|